| 000 | 01180nac a22003497a 4500 | ||
|---|---|---|---|
| 001 | BR8004698 | ||
| 003 | BR-BrBNA | ||
| 005 | 20240105114748.0 | ||
| 008 | 230509b bl.|||m| |||| 00| 0 por d | ||
| 040 |
_aBR-BrBNA _bpor _cBiblioteca Nacional de Agricultura |
||
| 072 | _aE70; F00; L00 | ||
| 090 | _a0430 BR8004698 | ||
| 110 | 1 |
_aSecretaria da Agricultura e Abastecimento, Fortaleza, CE (Brasil) _98296 |
|
| 245 | 1 | _aClassificacao de produtos agropecuarios. Exercicio 1980 - safra 1980/81 [algodao, cera, carnauba, planta oleaginosa, couro, pele, estatistica comercial, Ceara, Brasil] | |
| 260 | 3 |
_aFortaleza, CE (Brasil): _c1980. |
|
| 300 | _a118 p. | ||
| 490 |
_aClassificacao dos Produtos Agropecuarios - Secretaria de Agricultura e Abastecimento (Brazil) _v _x |
||
| 500 | _a53 tables; 21 graphs | ||
| 650 | _aESTATISTICA COMERCIAL | ||
| 650 | _aINDUSTRIALIZACAO | ||
| 650 | _aABASTECIMENTO | ||
| 650 | _aALGODAO | ||
| 650 | _aCERA | ||
| 650 | _aCARNAUBA | ||
| 650 | _aPLANTA OLEAGINOSA | ||
| 650 | _aCOURO | ||
| 650 | _aPELE | ||
| 650 | _aEXPORTACAO | ||
| 650 | _aCEARA | ||
| 909 |
_a202312 _bLúcia Elande _c55 _dLúcia Elande |
||
| 942 |
_2AGRIS _n0 _cMS |
||
| 999 |
_c271164 _d271164 |
||